| 000 | 00627nam a2200241 a 4500 | ||
|---|---|---|---|
| 001 | nice12345678 | ||
| 003 | IN_TiNIC | ||
| 005 | 20260116013154.0 | ||
| 008 | 050524s1983 newa grp 000 0 eng | ||
| 020 |
_a0883446 _c833 |
||
| 082 | 0 | 0 |
_a276.0973 _bWIL |
| 100 | _aWilmore, Gayraud S | ||
| 245 | _aBlack Religion and Black Radicalism | ||
| 260 |
_aNew York _bOrbis Books _c1983 |
||
| 300 | _a288p | ||
| 500 | _aincludes index and biblioraphy | ||
| 505 | 2 | _aNotes, Bibliography, Index | |
| 650 | _aAfro-American Chruches | ||
| 700 | 1 | _aWilmore, Gayraud S | |
| 902 | _bSRS | ||
| 942 | _cBK | ||
| 999 |
_c9971 _d9971 |
||